[Event "Dortmund Sparkassen op"]
[Site "Dortmund"]
[Date "2008.06.30"]
[Round "1"]
[White "Singh, Marcel"]
[Black "Iseringhausen, Martin"]
[Result "0-1"]
[WhiteElo "1908"]
[BlackElo "1890"]
[PlyCount "58"]
[EventDate "2008.06.30"]
[EventType "swiss"]
[EventRounds "9"]
[EventCountry "GER"]
[SourceTitle "CBM 125 Extra"]
[Source "ChessBase"]
[SourceDate "2008.09.01"]
[SourceVersion "1"]
[SourceVersionDate "2008.09.01"]
[SourceQuality "1"]

1. e4 e6 2. d4 d5 3. Nd2 Nf6 4. e5 Nfd7 5. f4 c5 6. c3 Nc6 7. Ndf3 Be7 8. g3 0-0 9. Bh3 cxd4 10. cxd4 Nb6 11. Ne2 Bd7 12. 0-0 Rc8 13. Kh1 Qc7 14. a3 Na5 15. Nc3 Nac4 16. Ne2 Na5 17. Nc3 Qc6 18. g4 Na4 19. Nxa4 Qxa4 20. Qxa4 Bxa4 21. Rf2 Nb3 22. Rb1 Rxc1+ 23. Rxc1 Nxc1 24. f5 Nd3 25. Rd2 Nf4 26. Bg2 Nxg2 27. Kxg2 Rc8 28. Ne1 Bg5 29. Re2 Bd1 0-1

[Event "NRW-ch U18"]
[Site "Kranenburg"]
[Date "2008.03.29"]
[Round "7"]
[White "Iseringhausen, Martin"]
[Black "Werthebach, Felix"]
[Result "1/2-1/2"]
[WhiteElo "1942"]
[BlackElo "2075"]
[PlyCount "157"]
[EventDate "2008.03.24"]
[EventType "swiss"]
[EventRounds "7"]
[EventCountry "GER"]
[SourceTitle "EXT 2009"]
[Source "ChessBase"]
[SourceDate "2008.11.26"]
[SourceVersion "1"]
[SourceVersionDate "2008.11.26"]
[SourceQuality "1"]

1. e4 c5 2. Nc3 Nc6 3. g3 g6 4. Bg2 Bg7 5. d3 d6 6. f4 e6 7. Nf3 Nge7 8. Be3 Nd4 9. 0-0 0-0 10. e5 Nef5 11. Bf2 Nxf3+ 12. Qxf3 Nd4 13. Qd1 d5 14. Na4 b6 15. b4 Bd7 16. bxc5 Bxa4 17. Bxd4 Rc8 18. cxb6 Rxc2 19. Qb1 axb6 20. Bxb6 Qa8 21. Rf2 Rfc8 22. Bf1 Bf8 23. Qe1 R8c6 24. Bd4 Qa6 25. Rxc2 Rxc2 26. Be2 Bb5 27. Qd1 Qa4 28. Bf2 Ba3 29. h4 h5 30. Rb1 Kg7 31. Kg2 Rxa2 32. Qxa4 Bxa4 33. Kf3 Bb2 34. Bd1 Bxd1+ 35. Rxd1 Ba3 36. Bb6 Rb2 37. Bd4 Rb3 38. Ke3 Bb4 39. Rc1 Ba5 40. Ra1 Rb5 41. Rc1 Bb4 42. Ra1 Ra5 43. Rxa5 Bxa5 44. Bc5 f5 45. exf6+ Kxf6 46. Bd6 Be1 47. Kf3 Kf7 48. Bc5 Ke8 49. Bd4 Ke7 50. Be5 Kd7 51. Bb8 Bd2 52. Be5 Kc6 53. Bf6 Kc5 54. g4 Kd6 55. gxh5 gxh5 56. Be5+ Ke7 57. Ke2 Ba5 58. Bd4 Bd8 59. Kf3 Kf7 60. Bf2 Kg6 61. Bg3 Kf5 62. Bf2 Ba5 63. Bc5 Bc7 64. Be3 Bd6 65. Bd2 d4 66. Kg3 Bc5 67. Kf3 Ba3 68. Be1 Bc1 69. Bg3 Bd2 70. Bf2 Bxf4 71. Bxd4 Bd6 72. Be3 Be7 73. Kg3 Ke5 74. Bg5 Bb4 75. Kf3 Be1 76. Be7 Kd4 77. Ke2 Bg3 78. Bf6+ e5 79. Bxe5+ 1/2-1/2

[Event "NRW-ch U18"]
[Site "Kranenburg"]
[Date "2008.03.25"]
[Round "2"]
[White "Scharnowski, Tobias"]
[Black "Iseringhausen, Martin"]
[Result "1-0"]
[WhiteElo "2105"]
[BlackElo "1942"]
[PlyCount "77"]
[EventDate "2008.03.24"]
[EventType "swiss"]
[EventRounds "7"]
[EventCountry "GER"]
[SourceTitle "EXT 2009"]
[Source "ChessBase"]
[SourceDate "2008.11.26"]
[SourceVersion "1"]
[SourceVersionDate "2008.11.26"]
[SourceQuality "1"]

1. e4 e6 2. d4 d5 3. Nc3 Nf6 4. Bg5 Be7 5. e5 Nfd7 6. h4 a6 7. Qg4 Kf8 8. f4 c5 9. Nf3 Nc6 10. 0-0-0 h6 11. Bxe7+ Nxe7 12. h5 b5 13. Qh4 Qa5 14. Kb1 Nf5 15. Qf2 Nxd4 16. Nxd4 cxd4 17. Qxd4 Qb6 18. a4 b4 19. Ne2 Nc5 20. b3 Rb8 21. g4 Ne4 22. Rh2 a5 23. Kb2 Ba6 24. Qxb6 Rxb6 25. Nd4 Ke7 26. Bd3 Bxd3 27. cxd3 Nc3 28. Rf1 f6 29. Re1 Rc8 30. Rhh1 Rf8 31. f5 exf5 32. e6 fxg4 33. Nf5+ Ke8 34. Nxg7+ Ke7 35. Nf5+ Ke8 36. Rhg1 Rg8 37. Nxh6 Rh8 38. Nf5 Kf8 39. Rxg4 1-0

[Event "Werther Schloss op-B 13rd"]
[Site "Werther"]
[Date "2007.04.01"]
[Round "5"]
[White "Chrobak, Frank"]
[Black "Iseringhausen, Martin"]
[Result "0-1"]
[WhiteElo "1831"]
[BlackElo "1932"]
[PlyCount "92"]
[EventDate "2007.03.30"]
[EventType "swiss"]
[EventRounds "5"]
[EventCountry "GER"]
[SourceTitle "EXT 2008"]
[Source "ChessBase"]
[SourceDate "2007.11.25"]
[SourceVersion "1"]
[SourceVersionDate "2007.11.25"]
[SourceQuality "1"]

1. e4 e6 2. d4 d5 3. Nd2 Nf6 4. e5 Nfd7 5. Bd3 c5 6. c3 Nc6 7. Ne2 Qb6 8. Nf3 cxd4 9. cxd4 f6 10. exf6 Nxf6 11. 0-0 Bd6 12. Re1 0-0 13. Ng3 Bd7 14. Bg5 Kh8 15. Bc2 Rae8 16. a3 e5 17. dxe5 Nxe5 18. Nxe5 Bxe5 19. Qd3 g6 20. Be3 Qd6 21. Bd4 Bc6 22. Rad1 Kg7 23. b4 b6 24. Qc3 Bxd4 25. Qxd4 Re6 26. Rxe6 Qxe6 27. f4 Re8 28. Kf2 Kg8 29. h3 Bb7 30. f5 gxf5 31. Bxf5 Ne4+ 32. Kg1 Qf7 33. Nxe4 dxe4 34. Qd7 Re7 35. Qd8+ Kg7 36. Qxe7 Qxe7 37. Rd7 Qxd7 38. Bxd7 Kf6 39. g4 Ke5 40. Kf2 Kf4 41. b5 e3+ 42. Ke1 Bg2 43. h4 Bf3 44. g5 Kg3 45. Bf5 Kxh4 46. Bxh7 Kxg5 0-1

[Event "Werther Schloss op-B 13rd"]
[Site "Werther"]
[Date "2007.03.31"]
[Round "3"]
[White "Dittrich, Meik"]
[Black "Iseringhausen, Martin"]
[Result "1-0"]
[WhiteElo "2059"]
[BlackElo "1932"]
[PlyCount "76"]
[EventDate "2007.03.30"]
[EventType "swiss"]
[EventRounds "5"]
[EventCountry "GER"]
[SourceTitle "EXT 2008"]
[Source "ChessBase"]
[SourceDate "2007.11.25"]
[SourceVersion "1"]
[SourceVersionDate "2007.11.25"]
[SourceQuality "1"]

1. d4 Nf6 2. Nf3 g6 3. c4 Bg7 4. Nc3 0-0 5. e4 d6 6. Be2 e5 7. d5 a5 8. Nd2 Na6 9. 0-0 Nd7 10. Rb1 f5 11. a3 f4 12. Bg4 Nf6 13. Bxc8 Qxc8 14. b4 axb4 15. axb4 g5 16. f3 Rf7 17. Na4 Bf8 18. Ba3 b6 19. c5 bxc5 20. bxc5 Nxc5 21. Nxc5 dxc5 22. Nc4 Bd6 23. Bb2 Nd7 24. Ra1 Rf8 25. Qc2 Qb7 26. Na5 Qb6 27. Nc6 Kf7 28. g3 Qb7 29. Kh1 Rxa1 30. Bxa1 Qa6 31. Qg2 Qd3 32. Qh3 Kg6 33. Kg2 fxg3 34. hxg3 Nf6 35. Qf5+ Kg7 36. Nxe5 Qd2+ 37. Rf2 Qc1 38. Bb2 Qe3 1-0

[Event "NRW U18 op"]
[Site "Olpe"]
[Date "2005.10.01"]
[Round "2.15"]
[White "Iseringhausen, Martin"]
[Black "Gulatz, Maurice"]
[Result "1-0"]
[WhiteElo "1601"]
[BlackElo "1770"]
[PlyCount "45"]
[EventDate "2005.10.01"]
[EventType "swiss"]
[EventRounds "7"]
[EventCountry "GER"]
[SourceTitle "CBM 108 Extra"]
[Source "ChessBase"]
[SourceDate "2005.11.04"]
[SourceVersion "1"]
[SourceVersionDate "2005.11.04"]
[SourceQuality "1"]

1. c4 e5 2. Nc3 Nf6 3. g3 c6 4. Bg2 Be7 5. e4 d6 6. Nge2 0-0 7. 0-0 Re8 8. d3 Qc7 9. f4 Nbd7 10. h3 Nb6 11. g4 Bf8 12. f5 d5 13. g5 Nfd7 14. cxd5 cxd5 15. exd5 Nc5 16. b4 Na6 17. a3 Bd7 18. Be3 Rac8 19. Rc1 Qd8 20. Ng3 Rc7 21. Bxb6 axb6 22. Nge4 Qc8 23. Qf3 1-0